| 000 | 02403nam0a2200385 i 4500 | ||
|---|---|---|---|
| 001 | RU\NLR\BIBL_A\011268352 | ||
| 005 | 20260407220308.0 | ||
| 021 |
_aRU _b2016-80824 _95277 |
||
| 029 | 1 | 0 |
_aRU _b2-2.4-841-2014 _cР Газпром |
| 035 | _a(NLR Aleph) 011268352 | ||
| 090 |
_a10806763 _c10806763 |
||
| 100 | _a20161111d2016 k y0rusy50 ca | ||
| 101 | 0 | _arus | |
| 102 | _aRU | ||
| 105 | _aa l 000|y | ||
| 200 | 9 |
_aНеразрушающий контроль и оценка работоспособности тройников сварных с накладками _zeng _eР Газпром 2-2.4-841-2014 _fразработаны Федеральным государственным автономным учреждением Научно-учебный центр "Сварка и контроль" при МГТУ им. Н.Э. Баумана (ФГАУ "НУЦСК при МГТУ им. Н.Э. Баумана), Научно-производственным центром неразрушающего контроля "ЭХО+" (ООО "НПЦ "ЭХО+") |
|
| 205 | _aИзд. офиц. | ||
| 210 |
_aСанкт-Петербург _cГазпром _d2016 |
||
| 215 |
_aIV, 27 с. _cил. _d29 |
||
| 225 | 1 |
_aРекомендации организации _fГазпром |
|
| 225 | 1 | _aДокументы нормативные для проектирования, строительства и эксплуатации объектов ОАО "Газпром" | |
| 239 | _aВвед. 01.02.2016 | ||
| 320 | _aБиблиогр.: с. 26 (3 назв.) | ||
| 517 | 1 | _aР Газпром 2-2.4-841-2014 | |
| 606 | 1 |
_aТрубопроводы _jСтандарты _xТройники _xТехнический контроль _92321604 _3RU\NLR\AUTH\6601613684 |
|
| 686 |
_a19.100 _v2000 _2oks |
||
| 686 |
_a25.160.40 _v2000 _2oks |
||
| 686 | 1 | _aО71-042-7я861 | |
| 712 | 0 | 2 |
_4900 _a"Сварка и контроль", научно-учебный центр _cМосква _9534873 _3RU\NLR\AUTH\880435251 |
| 712 | 0 | 2 |
_4900 _a"ЭХО+", научно-производственный центр неразрушающего контроля _cМосква _9787859 _3RU\NLR\AUTH\8810146717 |
| 712 | 0 | 2 |
_4725 _a"Газпром", российское акционерное общество _9486484 _3RU\NLR\AUTH\889994843 |
| 942 | _cBOOK | ||
| 980 | _aNBR | ||